zpět

Detail výsledku týmu

Bowling pub, Vyškov

Datum a čas kvízu

29 Celkem bodů Celkový počet nahraných bodů na tomto kvízu bez doplňovacích otázek.
5. Pořadí na kvízu Konečné umístění týmu na tomto kvízu.

Zaznamenané odpovědi

# Otázka Odpověď Body Výsledky
1. Moderátor jednoho rádia nabíze... Michal Kavalčík / Ruda z Ostravy 1
2. Vláda jisté země dala ve čtvrt... Francisco Franco 0
3. V neděli měl vystoupit známý č... David Černý 0
4. Před měsícem vzbudila rozruch... Google 1
5. Česká tenistka Karolína Muchov... Malý turnaj mistryň 1
6. Druhý díl naší cesty kolem svě... Myanmar (Barma) 1
7. Pokračujeme dále do jihovýchod... Malajsie 1
8. Další dvě otázky budou patřit... 2. největší 0
9. Jakou barvou je přibližně vyz... žlutou barvou 0
10. Dnešní putování zakončíme v Mo... z kobylího mléka 1